Using SPSS for social statistics and research methods

Αποθηκεύτηκε σε:
Λεπτομέρειες βιβλιογραφικής εγγραφής
Κύριος συγγραφέας: Wagner, William E.
Μορφή: Βιβλίο
Γλώσσα:English
Δημοσίευση: Thousand Oaks : Pine Forge Press, c2007
Θέματα:
Ετικέτες: Προσθήκη ετικέτας
Δεν υπάρχουν, Καταχωρήστε ετικέτα πρώτοι!

MARC

LEADER 00000nam a2200000 i 4500
001 1/72883
008 080129s2007 eng d
020 |a 1-4129-4077-X 
035 |l 10094240 
040 |a GR-MY-UA  |b gre  |e aacr 
041 0 |a eng 
082 0 |a 300.28553  |2 (22) 
100 1 |a Wagner, William E. 
245 1 0 |a Using SPSS for social statistics and research methods /  |c William E. Wagner III 
260 |a Thousand Oaks :   |b Pine Forge Press,   |c c2007 
300 |a ix, 101 σ.;  |b εικ.;  |c 23 εκ. 
630 0 0 |a SPSS for Windows. 
650 0 0 |a Social sciences  |x Statistical methods. 
852 |a INST  |b LESVOS  |e 20080129  |h 300.28553 WAG  |p 005100040218  |q 005100040218  |t BK  |y 0 
901 |a BIBL1-2008-1 
909 |a Λ  |b 144661 
922 |a 1ΕΛΗ  |b 200801  |c ΕΠΕΑΕΚ2/ΤΠ  |d ΠΑΠΑΣΩΤΗΡΙΟΥ 
970 |a ΚΑΡΑ  |b ΓΙΑΣΕΜΗ  |z 2008/01/29